000 00487nam a2200145 a 4500
008 120416s1956 ||||||||||||||||| || u
050 _aHD 6664 Wig
100 _aWigham, Eric L
245 1 0 _aTrade unions
260 _aLondon:
_bOxford University Press
_c1956
350 _a0.00
650 _aLABOUR
650 _aLABOUR UNIONS
995 _D0.00
_FCBU-MAIN LIBRARY (Kitwe)
_H1
_I0.00
_M1
_UAVAILABLE
_ZMain Library Open Access Collection
999 _c60228
_d60228